000
00225nam a22000857a 4500
008
161101b xxu||||| |||| 00| 0 eng d
100
_9
1005
_a
Goel.D,K,etal.
245
_a
Accountancy-XII
260
_a
New Delhi
_b
A.P Publications
_c
2012
999
_c
3665
_d
3665